| 000 | 00727cam a2200229 a 4500 | ||
|---|---|---|---|
| 001 | 613550 | ||
| 005 | 20180309083318.0 | ||
| 008 | 920103s1992 nyua b 001 0 eng | ||
| 010 | _a 92000728 | ||
| 020 | _a0471601802 (alk. paper) | ||
| 040 |
_aDLC _cDLC _dDLC |
||
| 041 | _aeng | ||
| 080 | _a547 | ||
| 082 | 0 | 0 |
_a547 MAR _220 |
| 100 | 1 | _a12 | |
| 101 | _aKIM | ||
| 245 | 1 | 0 |
_aAdvanced organic chemistry : _cJerry March. |
| 504 | _aIncludes bibliographical references and indexes. | ||
| 906 |
_a7 _bcbc _corignew _d1 _eocip _f19 _gy-gencatlg |
||
| 942 |
_2ddc _cBK |
||
| 999 |
_c44616 _d44616 |
||